[Event "Junior Online 4NCL Division 3"]
[Site "online"]
[Date "2020.08.20"]
[Round "1.106"]
[White "Bailey, Matthew"]
[Black "Lee, Damin"]
[Result "0-1"]
[WhiteElo "1412"]
[BlackElo "1150"]
[PlyCount "152"]
[EventDate "2020.08.20"]
[WhiteTeam "Surbiton Juniors B"]
[BlackTeam "Surrey Kings 1"]

1. e4 e5 2. Nf3 Nc6 3. Bb5 Bd6 4. O-O Nf6 5. Re1 a6 6. Ba4 b5 7. Bb3 Bc5 8. h3
h6 9. c3 O-O 10. d4 exd4 11. cxd4 Bb4 12. Bd2 d6 13. d5 Bxd2 14. Nbxd2 Ne5 15.
Rc1 Nxf3+ 16. Nxf3 Bxh3 17. gxh3 Qd7 18. Kg2 Nh5 19. Qd2 f5 20. Ng1 fxe4 21.
Rxe4 Qf5 22. Re2 Qg6+ 23. Kf1 Rxf2+ 24. Rxf2 Ng3+ 25. Ke1 Ne4 26. Rg2 Qh5 27.
Qd4 Qh4+ 28. Kf1 Ng3+ 29. Rxg3 Qxd4 30. Rxc7 Rf8+ 31. Rf3 Qd3+ 32. Kg2 Rxf3 33.
Nxf3 Qe2+ 34. Kg3 Qxb2 35. Ra7 Qf6 36. Rxa6 Qg6+ 37. Kf2 Kf8 38. a4 bxa4 39.
Bxa4 Qf6 40. Ra8+ Ke7 41. Re8+ Kf7 42. Re6 Qb2+ 43. Kg3 Qb6 44. Be8+ Kg8 45.
Bc6 Qc7 46. Nd4 Qa7 47. Nf5 Qa3+ 48. Kf4 Qxh3 49. Nxd6 g5+ 50. Ke5 Qc3+ 51. Kf5
Qd3+ 52. Kf6 Qf3+ 53. Ke7 Qf8+ 54. Kd7 Qg7+ 55. Kc8 g4 56. Re8+ Kh7 57. Nf5 Qc3
58. Re7+ Kg6 59. Nd6 g3 60. Ne4 Qh8+ 61. Be8+ Kf5 62. Nxg3+ Kg4 63. d6 Kxg3 64.
d7 Qc3+ 65. Kb7 Qb4+ 66. Kc6 Qxe7 67. Kc7 Qc5+ 68. Kb7 Qb5+ 69. Kc7 Qa5+ 70.
Kd6 Qd8 71. Ke6 Kg4 72. Kf7 h5 73. Kg6 h4 74. Kh6 h3 75. Bh5+ Kg3 76. Be8 h2
0-1

[Event "Junior Online 4NCL Division 3"]
[Site "online"]
[Date "2020.08.20"]
[Round "1.107"]
[White "Flanders, William"]
[Black "Tran, Joseph"]
[Result "0-1"]
[WhiteElo "1111"]
[BlackElo "1337"]
[PlyCount "46"]
[EventDate "2020.08.20"]
[WhiteTeam "Surrey Kings 1"]
[BlackTeam "Surbiton Juniors B"]

1. e3 e5 2. Nf3 Nc6 3. Bc4 Bc5 4. h4 Nf6 5. Ng5 O-O 6. Nxf7 Rxf7 7. Bxf7+ Kxf7
8. f4 exf4 9. exf4 Qe7+ 10. Kf1 b6 11. a3 Ba6+ 12. d3 Qd6 13. b4 Bd4 14. Ra2
Qd5 15. c4 Qe6 16. Bb2 Bxb2 17. Rxb2 Nd4 18. Rh3 Nf5 19. Rc2 Ne3+ 20. Rxe3 Qxe3
21. Re2 Qxf4+ 22. Rf2 Qxh4 23. Qe2 Qh1# 0-1

[Event "Junior Online 4NCL Division 3"]
[Site "online"]
[Date "2020.08.20"]
[Round "1.108"]
[White "Sheftel, Sam"]
[Black "Gardner, Oliver"]
[Result "1-0"]
[WhiteElo "1300"]
[BlackElo "1075"]
[PlyCount "81"]
[EventDate "2020.08.20"]
[WhiteTeam "Surbiton Juniors B"]
[BlackTeam "Surrey Kings 1"]

1. e4 e5 2. Bc4 Nf6 3. Nf3 Bc5 4. Nxe5 d6 5. Nxf7 Bxf2+ 6. Kxf2 Qe7 7. Nxh8
Nxe4+ 8. Kg1 Qf6 9. Qf3 Qd4+ 10. Qe3 Qe5 11. d3 d5 12. Bxd5 Qxd5 13. Qxe4+ Qe6
14. Qxe6+ Bxe6 15. b3 Nc6 16. Ba3 Rd8 17. Nc3 Nd4 18. Re1 b5 19. Re4 a5 20. Bc5
Nxc2 21. Rxe6+ Kd7 22. Re7+ Kc6 23. Nf7 Rxd3 24. Ne5+ Kxc5 25. Nxd3+ Kd4 26.
Ne1 Ne3 27. Nxb5+ Kd5 28. Rxe3 Kc5 29. a4 Kb4 30. Nc2+ Kc5 31. Re7 Kc6 32.
Rxc7+ Kb6 33. Rxg7 Kc5 34. Rxh7 Kb6 35. g4 Ka6 36. Rh6+ Kb7 37. Kg2 Kc8 38. Rf1
Kd8 39. Rh7 Ke8 40. Ra7 Kd8 41. Rf8# 1-0

[Event "Junior Online 4NCL Division 3"]
[Site "online"]
[Date "2020.08.20"]
[Round "1.111"]
[White "Rajesh, Shradha"]
[Black "Dissanayake, Sathsara"]
[Result "0-1"]
[WhiteElo "1217"]
[BlackElo "850"]
[PlyCount "58"]
[EventDate "2020.08.20"]
[WhiteTeam "Harrow Juniors E"]
[BlackTeam "Leicestershire Juniors 6"]

1. c4 e5 2. e3 Bc5 3. Nc3 Nf6 4. g3 d5 5. cxd5 Nxd5 6. Bg2 Nxc3 7. bxc3 O-O 8.
d4 exd4 9. cxd4 Bb4+ 10. Bd2 Qd6 11. Rb1 Bxd2+ 12. Qxd2 Nc6 13. Nf3 Qf6 14. O-O
Bg4 15. Nh4 Rfe8 16. Bxc6 Qxc6 17. d5 Qc4 18. Rfc1 Qe4 19. Rxc7 Rac8 20. Rbxb7
Rxc7 21. Rxc7 h6 22. d6 g5 23. Ng2 Bh3 24. Ne1 Be6 25. f3 Qf5 26. g4 Qe5 27.
Rxa7 Rd8 28. Nd3 Qxd6 29. Ra3 Qxa3 0-1

[Event "Junior Online 4NCL Division 3"]
[Site "online"]
[Date "2020.08.20"]
[Round "1.112"]
[White "Dyer, Emily"]
[Black "Wang, Xiling"]
[Result "0-1"]
[WhiteElo "797"]
[BlackElo "1075"]
[PlyCount "68"]
[EventDate "2020.08.20"]
[WhiteTeam "Leicestershire Juniors 6"]
[BlackTeam "Harrow Juniors E"]

1. e4 e5 2. Bc4 Nc6 3. Qh5 g6 4. Qf3 Nf6 5. d4 exd4 6. e5 Nxe5 7. Qb3 Nxc4 8.
Qxc4 Bd6 9. Nf3 O-O 10. Nxd4 Ne4 11. O-O Qh4 12. g3 Qf6 13. Nb5 c6 14. Nxd6
Nxd6 15. Qe2 Nb5 16. Bf4 Qxb2 17. Be5 Qb4 18. a3 Qe7 19. Nd2 f6 20. Bb2 Qxe2
21. Nb3 Qxc2 22. Nc5 Qxb2 23. Rab1 Qxa3 24. Ra1 Qxc5 25. Rac1 Qf5 26. Rc2 Qxc2
27. Kg2 Nd4 28. Kh3 d6+ 29. Kg2 Qe4+ 30. f3 Qe2+ 31. Rf2 Bh3+ 32. Kxh3 Qxf2 33.
Kg4 Qxf3+ 34. Kh4 Qh5# 0-1

[Event "Junior Online 4NCL Division 3"]
[Site "online"]
[Date "2020.08.20"]
[Round "1.113"]
[White "Mohammad, Zakariya"]
[Black "Syed, Adeeb"]
[Result "1/2-1/2"]
[WhiteElo "1075"]
[BlackElo "812"]
[PlyCount "155"]
[EventDate "2020.08.20"]
[WhiteTeam "Harrow Juniors E"]
[BlackTeam "Leicestershire Juniors 6"]

1. e4 c5 2. Nc3 e6 3. Bb5 a6 4. Ba4 b5 5. Bb3 c4 6. Bxc4 bxc4 7. e5 Nc6 8. Nf3
d6 9. exd6 Bxd6 10. O-O Nf6 11. d3 O-O 12. dxc4 Ng4 13. g3 Bc5 14. Be3 Qxd1 15.
Rfxd1 Bxe3 16. fxe3 Nxe3 17. Re1 Nxc2 18. Red1 Nxa1 19. Rxa1 Bb7 20. Nd2 Rad8
21. Nb3 Nd4 22. Nc5 Bf3 23. Nxa6 Ne2+ 24. Kf2 Rd3 25. Nxe2 Bxe2 26. Kxe2 Rfd8
27. Nc5 Rd2+ 28. Ke1 Rxb2 29. Na4 Rxh2 30. Nc3 Rd3 31. Nd1 Rhd2 32. c5 Rc2 33.
a4 Rxc5 34. a5 Rxg3 35. a6 Re5+ 36. Kf2 Rb3 37. a7 Kf8 38. a8=Q+ Ke7 39. Qa7+
Kf6 40. Qd4 Kf5 41. Qh4 Re4 42. Qxh7+ Ke5 43. Ra5+ Kd4 44. Ra4+ Kd3 45. Qxe4+
Kd2 46. Qe2+ Kc1 47. Ra1+ Rb1 48. Qc4+ Kxd1 49. Rxb1+ Kd2 50. Rb3 Kd1 51. Qc2+
Kxc2 52. Rf3 e5 53. Rxf7 Kd3 54. Kf3 e4+ 55. Kf2 e3+ 56. Ke1 e2 57. Rf3+ Kc2
58. Kxe2 g5 59. Rg3 g4 60. Rxg4 Kc3 61. Ke3 Kb3 62. Kd3 Ka3 63. Kc3 Ka2 64.
Ra4+ Kb1 65. Kb3 Kc1 66. Rh4 Kd2 67. Rh3 Ke2 68. Kc3 Kf2 69. Kd2 Kg2 70. Ra3
Kf2 71. Kc1 Ke2 72. Kc2 Kf2 73. Kd2 Kg2 74. Ke2 Kg1 75. Ke1 Kg2 76. Ke2 Kg1 77.
Ra1+ Kg2 78. Ra3 1/2-1/2

[Event "Junior Online 4NCL Division 3"]
[Site "online"]
[Date "2020.08.20"]
[Round "1.114"]
[White "Das, Aman"]
[Black "Patel-Davis, Riyan"]
[Result "0-1"]
[WhiteElo "850"]
[BlackElo "910"]
[PlyCount "60"]
[EventDate "2020.08.20"]
[WhiteTeam "Leicestershire Juniors 6"]
[BlackTeam "Harrow Juniors E"]

1. e4 e5 2. Nf3 Nc6 3. Bc4 Bc5 4. Nc3 Nf6 5. d3 d6 6. Bd2 O-O 7. O-O Bg4 8. Qe1
Bxf3 9. gxf3 Nd4 10. f4 Nf3+ 11. Kg2 Nxe1+ 12. Rfxe1 Qd7 13. fxe5 dxe5 14. d4
Bxd4 15. Ne2 Qg4+ 16. Kh1 Qf3+ 17. Kg1 Qxf2+ 18. Kh1 Nxe4 19. Rf1 Qxe2 20. Rad1
Nf2+ 21. Rxf2 Qxd1+ 22. Rf1 Qxf1+ 23. Bxf1 Rad8 24. Bc3 Bxc3 25. bxc3 Rd1 26.
c4 e4 27. c5 e3 28. c6 bxc6 29. c4 e2 30. c5 exf1=Q# 0-1

[Event "Junior Online 4NCL Division 3"]
[Site "online"]
[Date "2020.08.20"]
[Round "1.115"]
[White "Dissanayake, Sathsara"]
[Black "Rajesh, Shradha"]
[Result "1-0"]
[WhiteElo "850"]
[BlackElo "1217"]
[PlyCount "31"]
[EventDate "2020.08.20"]
[WhiteTeam "Leicestershire Juniors 6"]
[BlackTeam "Harrow Juniors E"]

1. e4 c5 2. Bc4 e6 3. Nf3 Nc6 4. Nc3 d6 5. d3 Nf6 6. O-O Be7 7. h3 O-O 8. Nh2
a6 9. Qf3 Re8 10. Qg3 b5 11. Bb3 Na5 12. Bh6 g6 13. Ng4 d5 14. exd5 exd5 15.
Nxf6+ Bxf6 16. Bxd5 1-0

[Event "Junior Online 4NCL Division 3"]
[Site "online"]
[Date "2020.08.20"]
[Round "1.116"]
[White "Wang, Xiling"]
[Black "Dyer, Emily"]
[Result "1-0"]
[WhiteElo "1075"]
[BlackElo "797"]
[PlyCount "61"]
[EventDate "2020.08.20"]
[WhiteTeam "Harrow Juniors E"]
[BlackTeam "Leicestershire Juniors 6"]

1. e4 e5 2. Nf3 Bc5 3. Nxe5 Qh4 4. Qe2 d6 5. Nf3 Qf4 6. g3 Qf6 7. Bh3 Bxh3 8.
Nc3 Ne7 9. d3 O-O 10. Bg5 Qg6 11. Bxe7 Re8 12. Bh4 Bg2 13. Rg1 Bxf3 14. Qxf3
Nd7 15. O-O-O Ne5 16. Qe2 Bb4 17. Qd2 Nf3 18. Qf4 Nxg1 19. Rxg1 d5 20. Nxd5
Bd2+ 21. Qxd2 Qg4 22. Nxc7 Rac8 23. Nxe8 Rxe8 24. Bg5 f6 25. Be3 Qh3 26. Rh1
Re5 27. Bxa7 f5 28. exf5 Rxf5 29. Qe2 Qh6+ 30. Kd1 Rb5 31. Qe8# 1-0

[Event "Junior Online 4NCL Division 3"]
[Site "online"]
[Date "2020.08.20"]
[Round "1.117"]
[White "Syed, Adeeb"]
[Black "Mohammad, Zakariya"]
[Result "0-1"]
[WhiteElo "812"]
[BlackElo "1075"]
[PlyCount "118"]
[EventDate "2020.08.20"]
[WhiteTeam "Leicestershire Juniors 6"]
[BlackTeam "Harrow Juniors E"]

1. e4 e5 2. Nf3 Nc6 3. d3 Bc5 4. Be3 Bb6 5. Bxb6 axb6 6. d4 exd4 7. Nxd4 Nxd4
8. Qxd4 Nf6 9. Qd1 O-O 10. Bc4 c6 11. Na3 d5 12. exd5 cxd5 13. Bxd5 Nxd5 14.
O-O Be6 15. c4 Ne3 16. fxe3 Qxd1 17. Raxd1 Rad8 18. Rxd8 Rxd8 19. Nb5 Bxc4 20.
Rf5 Bxb5 21. Rxb5 Rd1+ 22. Kf2 Rd2+ 23. Ke1 Rxg2 24. Rh5 Rxb2 25. Re5 g6 26.
Re8+ Kg7 27. Ra8 Rb1+ 28. Ke2 Rb2+ 29. Kf3 Rxh2 30. a4 Rh3+ 31. Ke4 f5+ 32. Ke5
Rxe3+ 33. Kd5 Rc3 34. a5 bxa5 35. Rxa5 Rd3+ 36. Kc4 Rh3 37. Ra7 Rh4+ 38. Kc5
Kf6 39. Rxb7 f4 40. Rb5 Rh5+ 41. Kb4 Rxb5+ 42. Kxb5 f3 43. Kc4 f2 44. Kd3 f1=Q+
45. Ke3 g5 46. Kd4 g4 47. Ke4 g3 48. Kd5 g2 49. Kd4 g1=R 50. Ke4 Qe1+ 51. Kd5
Rg2 52. Kd4 Rd2+ 53. Kc5 Qc1+ 54. Kb6 Rd5 55. Kb7 Qa3 56. Kc6 Qc5+ 57. Kb7 Rd7+
58. Kb8 Qb6+ 59. Kc8 Qc7# 0-1

[Event "Junior Online 4NCL Division 3"]
[Site "online"]
[Date "2020.08.20"]
[Round "1.118"]
[White "Patel-Davis, Riyan"]
[Black "Das, Aman"]
[Result "1-0"]
[WhiteElo "910"]
[BlackElo "850"]
[PlyCount "31"]
[EventDate "2020.08.20"]
[WhiteTeam "Harrow Juniors E"]
[BlackTeam "Leicestershire Juniors 6"]

1. e4 e5 2. Nf3 Nc6 3. Nc3 Nf6 4. Bb5 Bb4 5. Bxc6 dxc6 6. Nxe5 Bxc3 7. bxc3
Nxe4 8. Qe2 Qd5 9. Ng4 Bxg4 10. Qxg4 O-O 11. Bb2 Qg5 12. Qxe4 Rfd8 13. c4 Qxd2+
14. Kf1 Rd7 15. Qe5 Rad8 16. Qxg7# 1-0

[Event "Junior Online 4NCL Division 3"]
[Site "online"]
[Date "2020.08.20"]
[Round "1.121"]
[White "Kapoor, Devansh"]
[Black "Burke, Alexander"]
[Result "1-0"]
[WhiteElo "1060"]
[BlackElo "1292"]
[PlyCount "47"]
[EventDate "2020.08.20"]
[WhiteTeam "Uxbridge Juniors B"]
[BlackTeam "Manchester Juniors C"]

1. e4 e5 2. Nf3 d6 3. d3 Bg4 4. h3 Bxf3 5. Qxf3 Nc6 6. Be2 Nd4 7. Qg3 Nxc2+ 8.
Kd1 Nxa1 9. Bg5 f6 10. Be3 Qe7 11. Qh4 O-O-O 12. Nc3 Kb8 13. Kd2 g5 14. Qg3 Bh6
15. Nd5 Qf7 16. Rxa1 g4 17. Bxh6 Nxh6 18. Bxg4 Rhg8 19. Qh4 Nxg4 20. hxg4 c6
21. Nxf6 Rgf8 22. Nxh7 Rh8 23. Rc1 Rxh7 24. Qxd8# 1-0

[Event "Junior Online 4NCL Division 3"]
[Site "online"]
[Date "2020.08.20"]
[Round "1.122"]
[White "Ye, Tim"]
[Black "Mangalagiri, Pranav"]
[Result "1-0"]
[WhiteElo "1367"]
[BlackElo "970"]
[PlyCount "125"]
[EventDate "2020.08.20"]
[WhiteTeam "Manchester Juniors C"]
[BlackTeam "Uxbridge Juniors B"]

1. e4 c5 2. c3 e6 3. d4 b6 4. Nf3 Bb7 5. Bd3 Nf6 6. e5 Nd5 7. O-O Be7 8. Re1
cxd4 9. cxd4 Bb4 10. Bd2 Bxd2 11. Nbxd2 O-O 12. Rc1 Nb4 13. Bc4 d5 14. Bb3 Nd3
15. Rc3 Nxe1 16. Qxe1 f6 17. h3 fxe5 18. Qxe5 Nd7 19. Qg3 Qf6 20. Rc7 Bc8 21.
Ba4 Rf7 22. Qd6 Qe7 23. Qc6 Rb8 24. Rxc8+ Rxc8 25. Qxc8+ Nf8 26. Ne5 Qb4 27.
Nxf7 Kxf7 28. Qc2 Qxd4 29. Bb3 a5 30. Nf3 Qb4 31. Qc7+ Kf6 32. Qe5+ Kf7 33.
Ng5+ Kg6 34. Nxe6 Nxe6 35. Qxe6+ Kh5 36. Qxd5+ Kh4 37. Qc4+ Qxc4 38. Bxc4 g5
39. f3 h5 40. Kf2 a4 41. b3 axb3 42. axb3 g4 43. fxg4 hxg4 44. hxg4 Kxg4 45.
Ke3 Kg3 46. Kd4 Kxg2 47. Kd5 Kf3 48. Kc6 Ke3 49. Kxb6 Kd4 50. Kb5 Kc3 51. b4
Kd4 52. Bg8 Kc3 53. Kc5 Kd3 54. b5 Ke4 55. b6 Ke5 56. b7 Kf6 57. b8=Q Ke7 58.
Qd6+ Ke8 59. Qc7 Kf8 60. Kd6 Kxg8 61. Ke6 Kh8 62. Kf6 Kg8 63. Qg7# 1-0

[Event "Junior Online 4NCL Division 3"]
[Site "online"]
[Date "2020.08.20"]
[Round "1.123"]
[White "Kumar, Shaurya"]
[Black "Eccleston, Rowan"]
[Result "0-1"]
[WhiteElo "925"]
[BlackElo "1285"]
[PlyCount "120"]
[EventDate "2020.08.20"]
[WhiteTeam "Uxbridge Juniors B"]
[BlackTeam "Manchester Juniors C"]

1. e4 e6 2. d4 d5 3. e5 c5 4. c3 Nc6 5. Nf3 Qb6 6. Be3 Qxb2 7. Nbd2 Qxc3 8. Bf4
cxd4 9. Rc1 Qa5 10. Bd3 Nb4 11. Be2 Be7 12. Nxd4 Nxa2 13. Ra1 Bb4 14. Qc2 Bxd2+
15. Bxd2 Qb6 16. Nf3 Nb4 17. Qc3 Nc6 18. Be3 Qc7 19. O-O a6 20. Nd4 Qxe5 21.
Rac1 Nxd4 22. Bxd4 Qg5 23. Bxg7 f6 24. Bxh8 Bd7 25. Qh3 h5 26. Bxh5+ Ke7 27.
Bf3 Bb5 28. Rc7+ Kd6 29. Qg3+ Qxg3 30. hxg3 Kxc7 31. Rc1+ Kd6 32. Bg7 a5 33.
Rb1 Bd7 34. Rxb7 a4 35. Rb6+ Bc6 36. Kf1 a3 37. Rb1 Bb5+ 38. Ke1 a2 39. Ra1 Ne7
40. Bxf6 Nf5 41. Kd2 e5 42. Bg4 Nd4 43. Bd1 Be2 44. Bc2 Ke6 45. Bg5 Kd6 46. Be3
Bb5 47. Bxd4 exd4 48. Bb3 Bc4 49. Bxc4 dxc4 50. Kc2 Kc5 51. Kb2 Rb8+ 52. Kxa2
Ra8+ 53. Kb1 Rxa1+ 54. Kxa1 Kb4 55. Kb2 d3 56. Kc1 Kc3 57. g4 d2+ 58. Kd1 Kd3
59. g5 c3 60. g6 c2# 0-1

[Event "Junior Online 4NCL Division 3"]
[Site "online"]
[Date "2020.08.20"]
[Round "1.124"]
[White "Elisseev-Siuda, Ivan"]
[Black "Palampathi, Sanjit"]
[Result "0-1"]
[WhiteElo "1225"]
[BlackElo "917"]
[PlyCount "42"]
[EventDate "2020.08.20"]
[WhiteTeam "Manchester Juniors C"]
[BlackTeam "Uxbridge Juniors B"]

1. e4 e5 2. Nf3 Nc6 3. Bc4 Be7 4. d3 Nf6 5. O-O O-O 6. Bg5 d6 7. Bxf6 Bxf6 8.
Nc3 Nd4 9. Nxd4 exd4 10. Nd5 Be6 11. Nxf6+ Qxf6 12. Bxe6 Qxe6 13. Qh5 c6 14.
Rfe1 f6 15. c3 g6 16. Qh6 f5 17. cxd4 d5 18. exf5 Qxf5 19. Re7 Qxf2+ 20. Kh1
Rf7 21. h3 Rxe7 0-1

[Event "Junior Online 4NCL Division 3"]
[Site "online"]
[Date "2020.08.20"]
[Round "1.125"]
[White "Burke, Alexander"]
[Black "Kapoor, Devansh"]
[Result "1-0"]
[WhiteElo "1292"]
[BlackElo "1060"]
[PlyCount "85"]
[EventDate "2020.08.20"]
[WhiteTeam "Manchester Juniors C"]
[BlackTeam "Uxbridge Juniors B"]

1. e4 e6 2. Nc3 d5 3. exd5 exd5 4. d4 a6 5. Nf3 h6 6. Be2 Nc6 7. Bf4 Nf6 8. O-O
Bd6 9. Re1 Bxf4 10. Bxa6+ Ne7 11. Bd3 O-O 12. Ne5 Re8 13. Qf3 Bxe5 14. dxe5 Bg4
15. Qf4 d4 16. exf6 Ng6 17. Qxg4 dxc3 18. fxg7 cxb2 19. Rab1 Kxg7 20. Rxe8 Qxe8
21. Bxg6 fxg6 22. Qd4+ Kh7 23. Qxb2 Rd8 24. h3 h5 25. Qxb7 Rd2 26. Qxc7+ Kh6
27. Qf4+ g5 28. Qxd2 Qf8 29. Rb6+ Kh7 30. Qd7+ Qg7 31. Rb7 Qxd7 32. Rxd7+ Kh6
33. c3 g4 34. hxg4 hxg4 35. a4 Kh5 36. a5 Kh4 37. Rg7 g3 38. a6 gxf2+ 39. Kxf2
Kh5 40. a7 Kh6 41. Rg3 Kh5 42. a8=Q Kh4 43. Qh8# 1-0

[Event "Junior Online 4NCL Division 3"]
[Site "online"]
[Date "2020.08.20"]
[Round "1.126"]
[White "Mangalagiri, Pranav"]
[Black "Ye, Tim"]
[Result "0-1"]
[WhiteElo "970"]
[BlackElo "1367"]
[PlyCount "86"]
[EventDate "2020.08.20"]
[WhiteTeam "Uxbridge Juniors B"]
[BlackTeam "Manchester Juniors C"]

1. e4 e5 2. d4 exd4 3. Qxd4 Nc6 4. Qa4 Nf6 5. Nc3 d5 6. e5 Nd7 7. Nf3 Bb4 8.
Bd2 Bxc3 9. Bxc3 O-O 10. O-O-O Nb6 11. Qg4 Bxg4 12. Bb5 Bxf3 13. gxf3 Qg5+ 14.
Bd2 Qxe5 15. Bxc6 bxc6 16. Rde1 Qf5 17. Rhg1 g6 18. Bc3 Rfe8 19. Rxe8+ Rxe8 20.
b3 Qxf3 21. Kb2 Qxf2 22. Rh1 Re2 23. Rc1 Qxh2 24. Bd4 f5 25. Bc3 f4 26. Ka3 f3
27. Bd4 f2 28. Rf1 Qg2 29. Rxf2 Rxf2 30. Bxf2 Qxf2 31. c4 dxc4 32. bxc4 Nxc4+
33. Kb4 h5 34. Kxc4 h4 35. Kd3 h3 36. Ke4 h2 37. Ke5 h1=Q 38. Ke6 Qe4+ 39. Kd7
Qd2+ 40. Kc8 Qe8+ 41. Kb7 Qb2+ 42. Kxc7 Qe6 43. a4 Qb6# 0-1

[Event "Junior Online 4NCL Division 3"]
[Site "online"]
[Date "2020.08.20"]
[Round "1.127"]
[White "Eccleston, Rowan"]
[Black "Kumar, Shaurya"]
[Result "1-0"]
[WhiteElo "1285"]
[BlackElo "925"]
[PlyCount "59"]
[EventDate "2020.08.20"]
[WhiteTeam "Manchester Juniors C"]
[BlackTeam "Uxbridge Juniors B"]

1. f4 e6 2. Nf3 d5 3. e3 Nc6 4. Bb5 Bd7 5. O-O Bd6 6. b3 Nf6 7. Bb2 a6 8. Bxc6
Bxc6 9. Qe1 d4 10. Bxd4 Bxf3 11. Rxf3 c5 12. Bb2 O-O 13. Rg3 g6 14. Rh3 Re8 15.
Qh4 Be7 16. Bxf6 h5 17. Bxe7 Rxe7 18. Nc3 Qxd2 19. Qxe7 Qxc3 20. Rd1 Qa5 21. a4
Kg7 22. Rf3 Qc3 23. Rc1 Qd2 24. Rff1 Qxe3+ 25. Kh1 Qd4 26. h3 Rd8 27. Qxb7 Qe3
28. f5 Qg3 29. fxe6 Kf8 30. Qxf7# 1-0

[Event "Junior Online 4NCL Division 3"]
[Site "online"]
[Date "2020.08.20"]
[Round "1.128"]
[White "Palampathi, Sanjit"]
[Black "Elisseev-Siuda, Ivan"]
[Result "1-0"]
[WhiteElo "917"]
[BlackElo "1225"]
[PlyCount "29"]
[EventDate "2020.08.20"]
[WhiteTeam "Uxbridge Juniors B"]
[BlackTeam "Manchester Juniors C"]

1. e4 e5 2. Nf3 Nc6 3. Bc4 Nf6 4. Ng5 Na5 5. Nxf7 Qe7 6. Nxh8 Nxc4 7. O-O Ng4
8. Qxg4 d5 9. Qf3 dxe4 10. Qxe4 Nd6 11. Qe1 Nf5 12. d3 Qf6 13. Nc3 Bd6 14. Nd5
Qg6 15. Nxg6 1-0

[Event "Junior Online 4NCL Division 3"]
[Site "online"]
[Date "2020.08.20"]
[Round "1.131"]
[White "Kulkarni, Arnav"]
[Black "Edwards, Benjy"]
[Result "1-0"]
[WhiteElo "1033"]
[BlackElo "1036"]
[PlyCount "45"]
[EventDate "2020.08.20"]
[WhiteTeam "St John's College C"]
[BlackTeam "Surrey Kings 2"]

1. e4 e6 2. d4 d5 3. exd5 exd5 4. Nc3 Bf5 5. Nf3 Nf6 6. Bg5 h6 7. Bh4 g5 8. Bg3
Bb4 9. Bd3 Bxd3 10. Qxd3 Qe7+ 11. Ne5 Ne4 12. O-O Nxc3 13. bxc3 Ba3 14. Qb5+ c6
15. Qa4 Nd7 16. Rfe1 Bd6 17. Nxd7 Qxe1+ 18. Rxe1+ Kxd7 19. Bxd6 Kxd6 20. Qb4+
Kc7 21. Re7+ Kd8 22. Qd6+ Kc8 23. Qc7# 1-0

[Event "Junior Online 4NCL Division 3"]
[Site "online"]
[Date "2020.08.20"]
[Round "1.132"]
[White "Baker, Luke"]
[Black "Baranidharan, Kritthik"]
[Result "0-1"]
[WhiteElo "1000"]
[BlackElo "1040"]
[PlyCount "42"]
[EventDate "2020.08.20"]
[WhiteTeam "Surrey Kings 2"]
[BlackTeam "St John's College C"]

1. d4 d5 2. c4 Nf6 3. Nc3 e6 4. Bg5 Be7 5. Bxf6 Bxf6 6. Nf3 O-O 7. e3 Nc6 8.
Be2 Re8 9. O-O b6 10. Rc1 Ba6 11. b3 Bb7 12. g3 Nb4 13. a3 Nc6 14. h4 e5 15.
dxe5 Nxe5 16. Nxe5 Bxe5 17. cxd5 Bxc3 18. Bb5 Re5 19. Bc4 Bxd5 20. f4 Rxe3 21.
Bxd5 Rxg3+ 0-1

[Event "Junior Online 4NCL Division 3"]
[Site "online"]
[Date "2020.08.20"]
[Round "1.133"]
[White "Singh, Ayush"]
[Black "Salguero, Santiago"]
[Result "1/2-1/2"]
[WhiteElo "967"]
[BlackElo "1000"]
[PlyCount "145"]
[EventDate "2020.08.20"]
[WhiteTeam "St John's College C"]
[BlackTeam "Surrey Kings 2"]

1. e4 e5 2. Nf3 Nf6 3. Nxe5 Bd6 4. Nf3 Bc5 5. Bc4 Nxe4 6. Qe2 Qe7 7. d3 Nxf2 8.
Qxe7+ Kxe7 9. O-O Ng4+ 10. Kh1 Bd6 11. Re1+ Be5 12. Nxe5 Nxe5 13. Rxe5+ Kd8 14.
Bg5+ f6 15. Bxf6+ gxf6 16. Rf5 Re8 17. Nc3 d5 18. Rxd5+ Nd7 19. Ne4 c6 20. Rd6
Kc7 21. Rd4 f5 22. Ng3 c5 23. Rd5 Nb6 24. Rxc5+ Kd7 25. Rxf5 Ke7 26. Re5+ Kd7
27. Rxe8 Kxe8 28. Re1+ Kd7 29. Be6+ Kc7 30. Bf5 Bxf5 31. Nxf5 Rf8 32. Ng3 Rf2
33. Re7+ Nd7 34. Re2 Rxe2 35. Nxe2 Ne5 36. d4 Nc6 37. c3 b5 38. b4 a5 39. a3
axb4 40. axb4 Ne7 41. g4 h6 42. h4 Ng6 43. g5 h5 44. Kg1 Nxh4 45. Nf4 Nf3+ 46.
Kf2 Nxg5 47. Nxh5 Ne4+ 48. Ke3 Nxc3 49. d5 Nxd5+ 50. Kd3 Nxb4+ 51. Kd4 Nc2+ 52.
Kc5 Na3 53. Kb4 Nc4 54. Kxb5 Nd6+ 55. Kc5 Ne4+ 56. Kd4 Nd6 57. Kd5 Nb7 58. Ke6
Nc5+ 59. Kd5 Nd7 60. Ke6 Nc5+ 61. Kd5 Nb3 62. Kc4 Nd2+ 63. Kd3 Nb3 64. Kc3 Nc5
65. Kc4 Na4 66. Kb4 Nb6 67. Kb5 Nd7 68. Kc4 Nb6+ 69. Kb5 Nd5 70. Kc5 Nc3 71.
Kd4 Ne2+ 72. Kc4 Nf4 73. Nxf4 1/2-1/2

[Event "Junior Online 4NCL Division 3"]
[Site "online"]
[Date "2020.08.20"]
[Round "1.134"]
[White "Arora, Bukkan"]
[Black "Fattorelli, Giulio"]
[Result "1-0"]
[WhiteElo "1000"]
[BlackElo "872"]
[PlyCount "61"]
[EventDate "2020.08.20"]
[WhiteTeam "Surrey Kings 2"]
[BlackTeam "St John's College C"]

1. Nf3 d5 2. d4 Nc6 3. Bf4 Nb4 4. c3 Nc6 5. e3 f6 6. Bd3 e5 7. dxe5 Bg4 8. exf6
Bd6 9. fxg7 Qf6 10. gxh8=Q Qxh8 11. Bxd6 cxd6 12. O-O Bxf3 13. Qxf3 Nf6 14. Nd2
O-O-O 15. Qf5+ Rd7 16. Bb5 a6 17. Bxc6 bxc6 18. e4 Kb8 19. exd5 cxd5 20. Rae1
Qd8 21. Re6 Ne4 22. Nxe4 dxe4 23. Rxe4 d5 24. Rb4+ Rb7 25. Qe5+ Kc8 26. Rd1
Rxb4 27. cxb4 a5 28. Rxd5 Kb7 29. Rxd8 axb4 30. Rd7+ Kc8 31. Qe8# 1-0

[Event "Junior Online 4NCL Division 3"]
[Site "online"]
[Date "2020.08.20"]
[Round "1.135"]
[White "Edwards, Benjy"]
[Black "Kulkarni, Arnav"]
[Result "0-1"]
[WhiteElo "1036"]
[BlackElo "1033"]
[PlyCount "67"]
[EventDate "2020.08.20"]
[WhiteTeam "Surrey Kings 2"]
[BlackTeam "St John's College C"]

1. e4 e5 2. Nf3 Nc6 3. Bc4 Nf6 4. d3 Bc5 5. Nc3 d6 6. Bg5 O-O 7. Qd2 Bg4 8. h3
Bxf3 9. gxf3 h6 10. Bxf6 Qxf6 11. O-O-O Qxf3 12. Nd5 Rac8 13. Ne7+ Kh8 14. Nxc8
Rd8 15. Ne7 Nxe7 16. Rhf1 Qxh3 17. Bxf7 Rf8 18. Bd5 Nxd5 19. exd5 Qf3 20. d4
exd4 21. Rg1 d3 22. Qxd3 Qxd3 23. Rxd3 Rxf2 24. Rdg3 Rf5 25. Rd1 h5 26. b4 Bxb4
27. Rdg1 Ba3+ 28. Kb1 Rxd5 29. Rxg7 h4 30. Rxc7 Rb5+ 31. Ka1 Bb2+ 32. Kb1 Bd4+
33. Kc1 Bxg1 34. Rc3 0-1

[Event "Junior Online 4NCL Division 3"]
[Site "online"]
[Date "2020.08.20"]
[Round "1.136"]
[White "Baranidharan, Kritthik"]
[Black "Baker, Luke"]
[Result "1-0"]
[WhiteElo "1040"]
[BlackElo "1000"]
[PlyCount "81"]
[EventDate "2020.08.20"]
[WhiteTeam "St John's College C"]
[BlackTeam "Surrey Kings 2"]

1. e4 e5 2. Nf3 f5 3. Nc3 Nf6 4. d3 fxe4 5. dxe4 Bb4 6. Bd3 Bxc3+ 7. bxc3 Nc6
8. O-O O-O 9. h3 d6 10. Bc4+ Rf7 11. Bxf7+ Kxf7 12. Ng5+ Kg8 13. Nf3 Be6 14.
Re1 b5 15. Ng5 Qd7 16. Nxe6 Qxe6 17. a4 b4 18. Bb2 bxc3 19. Bxc3 Rb8 20. a5 Qc4
21. Qd2 Rb2 22. f3 Kf7 23. Bxb2 Nd4 24. Bxd4 exd4 25. Qd3 Qxd3 26. cxd3 d5 27.
exd5 Nxd5 28. Reb1 Nf4 29. Rb7 Nxd3 30. Rxc7+ Kg6 31. Rd1 Nb2 32. Rxd4 h6 33.
Rxa7 h5 34. a6 Kg5 35. Rxg7+ Kh6 36. Rb7 Kg5 37. a7 h4 38. Rb5+ Kh6 39. Rd6+
Kg7 40. Rb7+ Kf8 41. a8=R# 1-0